| 000 | 01132nam0a22002531 4500 | ||
|---|---|---|---|
| 001 | rc\671714 | ||
| 005 | 20250612175423.0 | ||
| 035 | _a(NLR Aleph) 008765246 | ||
| 090 |
_a7890090 _c7890090 |
||
| 100 | _a20031121d1986 |||y0rusy50 ca | ||
| 101 | 0 | _arus | |
| 102 | _aRU | ||
| 105 | _ay ||||||||| | ||
| 200 | 1 |
_aНадежда Александровна Пучковская _e[Офтальмолог _eБиобиблиогр. указ. _fОдес. НИИ глазных болезней и тканевой терапии им. Б.П. Филатова _gСоставители Т.А. Марышева и др. _g[Науч. ред.: Е.И. Анина, к. м. н.] |
|
| 210 |
_aОдесса _cОГНБ _d1986 |
||
| 215 |
_a91 с. _d19 |
||
| 225 | 1 |
_aУченые Одессы _eСер. биобиблиогр. указ. _fОдес. гос. науч. б-ка им. А.М. Горького _vВып. 15 |
|
| 702 | 1 |
_aМарышева _bТ.А. _gТамила Агаповна _4220 |
|
| 801 | 0 |
_aRU _bNLR _gpsbo |
|
| 801 | 1 |
_aRU _bELAR _2rusmarc |
|
| 801 | 2 |
_aRU _bNLR _c20040713 _2rusmarc |
|
| 852 |
_aNLR _bС _jК-1/3959 |
||
| 942 | _cBOOK | ||
| 980 | _aNB | ||